| 000 | 00832cam a2200265 4500 | ||
|---|---|---|---|
| 001 | 4085520 | ||
| 003 | ARRUPE | ||
| 005 | 20131121143418.0 | ||
| 008 | 720320s1971 enkcfh b 000 0 eng | ||
| 010 | _a 72889903 | ||
| 015 | _aB71-29421 | ||
| 020 | _a0902811029 | ||
| 040 |
_aDLC _cDLC _dDLC |
||
| 050 | 0 | 0 |
_aPR6003.L8 _bZ9 |
| 082 | 0 | 0 | _a821/.9/12 |
| 100 | 1 |
_aThorpe, Michael. _93602 |
|
| 245 | 1 | 4 | _aThe poetry of Edmund Blunden. |
| 260 |
_a[Wateringbury _b(Honey's Cast, Nettlestead, Wateringbury, Kent)], Bridge Books, _c1971. |
||
| 300 |
_a52 p., plate. _bfacsim., port. _c23 cm. |
||
| 350 | _a£2.10 | ||
| 504 | _aIncludes bibliographical references. | ||
| 600 | 1 | 0 |
_aBlunden, Edmund, _d1896-1974 _xCriticism and interpretation. _93603 |
| 906 |
_a7 _bcbc _corignew _d3 _encip _f19 _gy-gencatlg |
||
| 942 |
_2lcc _cMONOGRAPH |
||
| 999 |
_c118616 _d118616 |
||